000 01917cam a2200301 4500
001 ABS67952
008 040701n2004 000 0 eng u
035 _a(Sirsi) u126661
245 _aRights of appeal in planning
260 _c2004
490 _aScottish Planning and Environmental Law
_v(103) June 2004, 58-66
490 _aJournal of the Law Society of Scotland
_v49(7) July 2004, 51(10)
520 _aProvides background information on the issue of third-party planning appeals. Summarises and comments on the Scottish Executive's "Rights of appeal in planning" consultation paper. Also sets out the options and other proposed changes, including proposals to remove the right to an inquiry into local plan objections and to withdraw the right of appeal. Suggests an alternative to widening rights of appeal in planning by allowing any person to seek a review by a planning authority of its decision before the planning authority issues planning permission or a notice of refusal to grant planning permission. Also considers the fundamental omission in the consultation paper of the failure to address the removal of Crown exemption from planning law. [Taken from journal abstract]. View the consultation paper at www.scotland.gov.uk/consultations
590 _aABS
590 _aABS
650 _aSCOTLAND
650 _aPLANNING PROCEDURE
650 _aPLANNING APPEALS
650 _aRIGHTS OF APPEAL
650 _aPLANNING AUTHORITIES
650 _aPLANNING PERMISSION
650 _aTHIRD PARTY RIGHT OF APPEAL
650 _aCONSULTATION PAPERS
690 _aPLANNING-PLANNING LAW
856 _uhttps://www.scotland.gov.uk/consultations/planning/roap-00.asp
_zView the consultation paper on the Scottish Executive website...
856 _uhttps://www.scotland.gov.uk/consultations/planning/roap-00.asp
_zView the consultation paper on the Scottish Executive website...
942 _n0
999 _c117629
_d117629